02062nam a2200277 u 4500001000800000005001700008007001000025008004100035035001200076040001300088041000800101082000800109100004300117245012800160260004300288300001300331520126900344650001401613650002801627650003101655650002701686650001201713700004101725502001101766526000701777133054020260508084324.0co|||||||130529nuuuuuuuu spa  a1330540 ccomduadb aspa 4a58310aMora Méndez, Omar Andrés4auteaut10aExtracción, identificación y hemisintesis de metabolitos con actividad antioxidante de faramea sessilifolia (rubiaceae) aMedellín :b[sin publicador],c2013. a1 CD-ROM3 aLos antioxidantes han sido muy estudiados actualmente, especialmente los provenientes de extractos naturales, este interés está dado ya que muchas enfermedades son asociadas con moléculas de oxigeno reactivo y la peroxidación lipídica, esto ha llevado a que se desarrolle una amplia investigación para el aprovechamiento de los antioxidantes presentes en la dieta con el fin de prevenir el desarrollo de enfermedades. Por otro lado el interés de los antioxidantes no solo reside en su potencial como fármacos sino también como aditivos industriales, fundamentalmente como preservantes. El estudio de la composición química de los extractos de tallos y hojas de la planta Faramea Sessilifolia (Rubiaceae), permitió la identificación de un compuesto con actividad antioxidante conocido como Eugenol. Este compuesto fue identificado por análisis espectroscópico de RMN - 1H, RMN- 13C, HMBC, HSQC, COSY e IR. A partir del eugenol se prepararon 2 dímeros y un derivado monobromado cuyas estructuras fueron corroboradas por análisis esprectroscopico. La capacidad antirradicalaria de los extractos brutos en Bencina, CH2Cl2 y MeOH, se evaluó mediante el ensayo del radical DPPH, mientras que los derivados se compararon con Trolox. aRubiaceas aAntioxidantes naturales aAntioxidantes sintéticos aCompuestos fenólicos aEugenol10aSáez Vega, Jairo Antonio4thseths b82c10 a82